000 00730nam a2200205Ia 4500
005 20260121110026.0
008 008 260114s9999 xx 000 0 hin d
020 _a9788132357551
037 _aEBOOK
040 _aCRL
_bhin
_cCRL
041 _ahin
_2hin
084 _qCRL
100 _aजगवीर चौटाला / Jagveer Chautala
_9941132
245 0 _aभूमिगत फसलें: उत्पादन एवं रोग नियंत्रण / Bhoogarbhik Fasal: Utpadan aur Rog Niyantran
260 _bभाषा प्रकाशन / Bhasha Prakashan
_c2021
856 _uhttps://bhashaprakashan.com/product-details/378896
942 _cEBOOK
999 _c1532797
_d1532797